| 000 | 01357nam a2200313 i 4500 | ||
|---|---|---|---|
| 003 | EG-GICUC | ||
| 005 | 20260429120726.0 | ||
| 008 | 260429s2011 ua fr|||| 00| 0 ara d | ||
| 040 |
_a EG-GICUC _bara _c EG-GICUC _d EG-GICUC _erda |
||
| 041 | _aara | ||
| 082 | 0 | 4 |
_221 _a345.249 _bه ش . ر |
| 092 | 0 | 4 | _221 |
| 099 | _aLaw1 07 345.249 ه ش . ر 2011 | ||
| 100 | 0 |
_aعكاشة، هشام عبد المنعم. _eمؤلف. |
|
| 245 | 1 | 0 |
_a رقابة القاضي الإداري لقرارات إبعاد الأجانب : _b دراسة تأصيلية قضائية لأهم أحكام مجلس الدولة المصري والاتفاقية الأوروبية لحقوق الإنسان / _cدكتور هشام عبد المنعم عكاشة. |
| 264 | 1 |
_aالقاهرة : _b دار النهضة العربية، _c2011. |
|
| 300 |
_a262 صفحة؛ _c24 سم |
||
| 336 |
_2rda content _atext |
||
| 337 |
_2rda media _aComputer |
||
| 338 |
_2rda carrier _aOnline Resource |
||
| 504 | _aيشتمل على إرجاعات ببليوجرافية وكشاف. | ||
| 546 | _aالنص باللغة العربية | ||
| 650 | 1 |
_aالقانون الإداري _2qrmak |
|
| 650 | 1 | _aالرقابة الإدارية | |
| 651 | 1 | _2qrmak | |
| 856 | 4 | 0 | _uhttps://fll.law.cu.edu.eg/fulltext/bks/B07-04832.pdf |
| 905 | _a167 | ||
| 942 |
_2ddc _cBK _e21 _n0 |
||
| 999 |
_c74157 _d74157 |
||